000 00614nam a2200217 a 4500
005 20140310183611.0
008 120829s19uu xx 00 eng d
020 _a9780071289641
050 _aHF 5657.4
_b.Z55 2011
100 _aZimmerman, Jerold L.
245 _aAccounting for decision making and control /
_cJerold L. Zimmerman.
250 _a7th ed.
260 _aUnited States :
_bMcGraw-Hill,
_c2011.
300 _a700 p. :
_bill. col. ;
_c27 cm.
500 _aIncludes index
521 _aBSBA
650 _aBSBA
650 _aManagement of Accounting
942 _cBK
_2lcc
_kFOR
999 _c25249
_d25249